Noms de rue les plus données en France - Statistiques

Statistiques générales
  • Ce quiz a été pris 194 fois
  • Le résultat moyen est 3 sur 15
Statistiques - réponses
Nombre Réponse % Correct
1621 Rue Victor Hugo
77%
3943 Grande Rue
51%
2672 Rue de la Mairie
33%
3430 Place de la Mairie
21%
7965 Rue de l'Église
21%
2020 Rue Pasteur
20%
2771 Rue de la Gare
15%
2452 Rue Principale
15%
2779 Rue des Écoles
13%
3566 Rue du Moulin
11%
2963 Rue du Château
8%
2421 Rue du Stade
8%
2346 Rue de la Fontaine
4%
5755 Place de l'Église
3%
1755 Rue des Jardins
3%
Aucun quiz correspondant
Distribution des résultats
% des personnes avec chaque résultat
Percentile par nombre de réponses
Votre historique - résultats
Vous n’avez pas pris ce quiz